| Tag |
First Indicator |
Second Indicator |
Subfields |
| LEADER |
00000cas a2200000 a 4500 |
| 001 |
in00000083263 |
| 005 |
20151008061211.0 |
| 008 |
771206d19681989enkar r 0uuua0engm |
| 010 |
|
|
|z sn 86015933
|z 72622709
|
| 022 |
|
|
|a 0079-9513
|
| 035 |
|
|
|a (OCoLC)03466974
|
| 035 |
|
|
|9 AAJ7532AM
|
| 040 |
|
|
|a DLC
|c COA
|d MUL
|d IUL
|d TXA
|d UtOrBLW
|
| 042 |
|
|
|a lcd
|
| 049 |
|
|
|a TXAE
|
| 050 |
0 |
0 |
|a HE1009
|b .U6
|
| 082 |
0 |
|
|a 385/.025
|
| 245 |
0 |
0 |
|a Railway directory & year book.
|
| 246 |
1 |
0 |
|a Railway directory and year book
|
| 264 |
|
1 |
|a London :
|b IPC Transport Press,
|c [1968-]
|
| 264 |
|
4 |
|c [©1988]
|
| 300 |
|
|
|a volumes :
|b illustrations ;
|c 22 cm.
|
| 310 |
|
|
|a Annual
|
| 336 |
|
|
|a text
|b txt
|2 rdacontent
|
| 337 |
|
|
|a unmediated
|b n
|2 rdamedia
|
| 338 |
|
|
|a volume
|b nc
|2 rdacarrier
|
| 362 |
1 |
|
|a Ceased with 1989.
|
| 500 |
|
|
|a Imprint varies
|
| 650 |
|
0 |
|a Railroads
|x Directories.
|
| 650 |
|
0 |
|a Railroads
|v Periodicals.
|
| 780 |
0 |
0 |
|t Directory of railway officials & year book
|
| 785 |
0 |
0 |
|t Railway directory
|x 0079-9513
|w (DLC) 91640764
|w (OCoLC)23096500
|
| 948 |
|
|
|a t1
|
| 999 |
|
|
|a MARS
|
| 999 |
f |
f |
|s 3ab939ae-0c64-3906-976d-8974e896562e
|i fe4341c3-0541-3943-95bc-4c58ec1e17d0
|t 0
|
| 952 |
f |
f |
|p ric
|a Texas A&M University
|b Rellis Campus
|c Joint Library Facility
|d Remote Storage
|t 0
|e HE1009 .U6
|h Library of Congress classification
|i unmediated -- volume
|k 1989
|m A14811300290
|
| 952 |
f |
f |
|p ric
|a Texas A&M University
|b Rellis Campus
|c Joint Library Facility
|d Remote Storage
|t 0
|e HE1009 .U6
|h Library of Congress classification
|i unmediated -- volume
|k 1987
|m A14809844270
|
| 952 |
f |
f |
|p ric
|a Texas A&M University
|b Rellis Campus
|c Joint Library Facility
|d Remote Storage
|t 0
|e HE1009 .U6
|h Library of Congress classification
|i unmediated -- volume
|k 1988
|m A14811300240
|
| 952 |
f |
f |
|p ric
|a Texas A&M University
|b Rellis Campus
|c Joint Library Facility
|d Remote Storage
|t 0
|e HE1009 .U6
|h Library of Congress classification
|i unmediated -- volume
|k 1985
|m A14808963364
|
| 952 |
f |
f |
|p ric
|a Texas A&M University
|b Rellis Campus
|c Joint Library Facility
|d Remote Storage
|t 0
|e HE1009 .U6
|h Library of Congress classification
|i unmediated -- volume
|k 1982
|m A14808099466
|
| 952 |
f |
f |
|p ric
|a Texas A&M University
|b Rellis Campus
|c Joint Library Facility
|d Remote Storage
|t 0
|e HE1009 .U6
|h Library of Congress classification
|i unmediated -- volume
|k 1986
|m A14809237944
|
| 998 |
f |
f |
|a HE1009 .U6
|s 1985-1989
|t 0
|l Remote Storage
|